000 00688nam a2200217 a 4500
005 20240316063829.0
008 030217s1999 mx r 000 0 spa d
020 _a843301207X
035 _aUPN01000121995
049 _aCG
050 4 _aQP401
_bK4.28 1999
100 1 _aKeleman, Stanley,
_d1931
245 1 0 _aAnatomía emocional :
_bla estructura de la experiencia somática /
_cStanley Keleman ; tr. Juan M. González Llagostera.
250 _a3a ed.
260 _aBilbao, Esp. :
_bDesclée de Brouwer,
_c1999.
300 _a204 p. :
_bil.
440 0 _aSerendipity.
_pSerie maior ;
_v1
534 _pTitulo original:
_tEmotional anatomy
650 4 _aEmociones
_939
905 _aLibro
999 _c94199
_d94199